Statistics for Quick Math #4

Click here to take the quiz!

General Stats

  • This quiz has been taken 26 times
  • The average score is 8 of 9

Answer Stats

QuestionsAnswers% Correct
165+34199
100%
36x272
100%
40 x 5 divided by 2100
96%
1400 divided by 2700
96%
25 x 4 + 3103
91%
125x121500
91%
12 x 1501800
91%
80 x 6 - 6474
91%
24 x 16 - 5379
74%

Score Distribution

Percentile by Number Answered

Percent of People with Each Score

Your Score History

You have not taken this quiz